Najlepsze kraje w Tenisie Stołowym - Statystyki

Ogólne statystyki
  • Ten quiz został rozwiązany 467 razy
  • Średni wynik to 12 z 20
Statystyki odpowiedzi
Złoto Srebro Brązowy Wszystko Kraj % Poprawnych
1 2 5.5 8.5 Chińskie Tajpej
96%
145 103 159 407 Chiny
96%
48 36 73 157 Japonia
93%
0 3.5 7.5 11 Polska
93%
5 16.5 21.5 43 Niemcy
91%
2 3 18 23 Francja
85%
9.5 2 20 31.5 Stany Zjednoczone
83%
5 15 43 63 Korea Południowa
80%
13 15 12.5 40.5 Szwecja
65%
15 30 61 106 Wielka Brytania
62%
4 9 13 26 Korea Północna
51%
28 34.5 59 121.5 Czechy
49%
6 15.5 35.5 57 Austria
35%
0 2 1 3 Belgia
34%
68 58.5 75.5 202 Węgry
31%
3 4 7 14 Związek Radziecki
30%
16.5 10.5 19 46 Rumunia
25%
3 11 13.5 27.5 Jugosławia
21%
1 2 5 8 Singapur
20%
0 2 22.5 24.5 Hong Kong
14%
Nie znaleziono quizów pasujących do podanych kryteriów
Rozkład punktacji
Procent ludzi z każdym wynikiem
Percentyl według liczby udzielonych odpowiedzi
Twoja historia wyników
Nie rozwiązałeś tego quizu